000 01870nam a2200349 a 4500
001 ebr10553727
003 CaPaEBR
006 m u
007 cr cn|||||||||
008 120210s2012 cauac sb 001 0 eng d
010 _z 2012004912
020 _z9781609944872 (hardcover)
020 _z9781609944889 (e-book)
040 _aCaPaEBR
_cCaPaEBR
035 _a(OCoLC)784947964
050 1 4 _aHD57.7
_b.J635 2012eb
082 0 4 _a658.4/092
_223
100 1 _aJohansen, Robert.
245 1 0 _aLeaders make the future
_h[electronic resource] :
_bten new leadership skills for an uncertain world /
_cBob Johansen ; foreword by John R. Ryan.
250 _a2nd ed., rev. and expanded.
260 _aSan Francisco, Calif. :
_bBerrett-Koehler Publishers, Inc.,
_cc2012.
300 _axxii, 245 p. :
_bill., port.
504 _aIncludes bibliographical references and index.
505 0 _aForeword / John R. Ryan, President and CEO, Center for Creative -- Introduction: listening for the future -- Maker instinct -- Clarity -- Dilemma flipping -- Immersive learning ability -- Bio-empathy -- Constructive depolarizing -- Quiet transparency -- Rapid prototyping -- Smart-mob organizing -- Commons creating -- Future immersion for leadership development -- Learning the ten future leadership skills yourself -- Notes -- Bibliography -- Acknowledgments -- Index -- About the author -- About IFTF.
533 _aElectronic reproduction.
_bPalo Alto, Calif. :
_cebrary,
_d2011.
_nAvailable via World Wide Web.
_nAccess may be limited to ebrary affiliated libraries.
650 0 _aLeadership.
650 0 _aExecutive ability.
655 7 _aElectronic books.
_2local
700 1 _aVera, Juan Dal.
710 2 _aebrary, Inc.
856 4 0 _uhttp://site.ebrary.com/lib/rucke/Doc?id=10553727
_zAn electronic book accessible through the World Wide Web; click to view
999 _c196334
_d196334